1410 1021 1117 1121 1397 1970 1336 1079 1616 1251 1406 1499 1911 1850 1961 1562 1921 1514 1690 1463 1757 1433 1958 1605 1114 1672 1607 1035 1164 1297 1255 1496 1443 1212 1645 1220 1108 1494 1166 1640 1956 1802 1484 1080 1723 1774 1237 1152 1279 1814 1041 1326 1688 1216 1919 1135 1169 1438 1774 1302 1897 1474 1345 1815 1992 1548 1663 1182 1693 1205 1256 1487 1278 1078 1443 1549 1456 1473 1650 1425 1917 1675 1846 1932 1256 1151 1478 1938 1563 1810 1397 1345 1382 1654 1106 1674 1051 1603 1206 BCNSPRNW ULIB Ver.6.0+V

เปลี่ยนเป็นภาษาไทย

Change to English
 แสดงรายละเอียดบรรณานุกรม
  กลับหน้าหลัก

Brief Record : Get Marc (ISO 2709) : E-mail record : QR code < ปิดหน้าต่าง
LEADER : 00000nam 2200000uu 4500
001    13399111823
003     ULIB
008    110708s2552||||th 000 0 tha d
020    9789747784244
050  0 DS571^bช638ท
100    ชุลีพร วิริยะวงศ์ชัย
245 00 เที่ยวเมืองไทย /^cบรรณาธิการเล่ม, ชุลีพร วิริยะวงศ์ชัย
250    พิมพ์ครั้งที่ 4
260    กรุงเทพฯ :^bรีดเดอร์ส ไดเจสท์ (ประเทศไทย),^c2552
300    479 หน้า :^bภาพประกอบสี, แผนที่ ;^c30 ซม.
710 2  รีดเดอร์ส ไดเจสท์ (ประเทศไทย)
945    ^p1790^l0^i027482
995    ทศพร
999 ^a ใช้งานได้ทุกระบบ
รายการนี้ยังไม่มีแท็ก
คุณยังไม่ได้ล็อกอิน คุณสามารถมีกิจกรรมร่วมกับเว็บไซต์ได้ แต่ต้องล็อกอินก่อน ::
  ล็อกอิน

รายการสื่อสารสนเทศ

ลำดับที่ ประเภท เลขเรียก/บาร์โค้ด สถานที่ สถานะ
- ไม่พบข้อมูล -

รายการใกล้เคียง
    ผู้แต่ง [ชุลีพร วิริยะวงศ์ชัย]

BibComment


ยังไม่เคยถูกคอมเมนท์

คอมเมนท์ทรัพยากรรายการนี้
  คอมเมนท์: เที่ยวเมืองไทย บ..


 Copyright 2026. Bcnsprnw @Library